Heat transfer (Record no. 3641)

000 -LEADER
fixed length control field 00564nam a2200229 a 4500
001 - CONTROL NUMBER
control field 3641
003 - CONTROL NUMBER IDENTIFIER
control field BD-DhUET
008 - FIXED-LENGTH DATA ELEMENTS--GENERAL INFORMATION
fixed length control field 960506s1997 nyua b 001 0 eng
020 ## - INTERNATIONAL STANDARD BOOK NUMBER
International Standard Book Number 0071143203
020 ## - INTERNATIONAL STANDARD BOOK NUMBER
International Standard Book Number 0078447852
040 ## - CATALOGING SOURCE
Original cataloging agency DLC
Transcribing agency DLC
Modifying agency BD-DhUET
082 00 - DEWEY DECIMAL CLASSIFICATION NUMBER
Classification number 621.011
Item number HOL/1997
100 1# - MAIN ENTRY--PERSONAL NAME
Personal name Holman, J. P.
245 10 - TITLE STATEMENT
Title Heat transfer
250 ## - EDITION STATEMENT
Edition statement 8th ed.
260 ## - PUBLICATION, DISTRIBUTION, ETC. (IMPRINT)
Place of publication, distribution, etc. New York
Name of publisher, distributor, etc. McGraw-Hill
Date of publication, distribution, etc. 1997
300 ## - PHYSICAL DESCRIPTION
Extent xviii, 696 p.
Other physical details ill.
490 ## - SERIES STATEMENT
Series statement Schaum's outline series
504 ## - BIBLIOGRAPHY, ETC. NOTE
Bibliography, etc Includes bibliographies
650 #0 - SUBJECT ADDED ENTRY--TOPICAL TERM
Topical term or geographic name as entry element Heat transfer
942 ## - ADDED ENTRY ELEMENTS (KOHA)
Koha item type General Book
Holdings
Koha issues (times borrowed) Source of classification or shelving scheme Shelving location Koha out on loan Sublocation or collection (holding branch) Location (home branch) Not for loan Date acquired Koha date last borrowed Piece designation (barcode) Lost status Koha normalized classification for sorting Withdrawn status Koha item type Damaged status Copy number Price effective from Koha full call number Koha date last seen
3 Circulation section2025-05-11Central Library, BUETCentral Library, BUET 2014-11-032025-04-2792450 621_011000000000000_HOL_1997 General Book 12014-11-03621.011/HOL/19972025-04-27
  Circulation section Central Library, BUETCentral Library, BUET 2014-11-03 92452 621_011000000000000_HOL_1997 General Book 22014-11-03621.011/HOL/19972014-11-03
  Circulation section Central Library, BUETCentral Library, BUET 2014-11-03 92453 621_000000000000000_011HOL1997 General Book 32014-11-03621.011/HOL/19972016-07-30
1 Circulation section Central Library, BUETCentral Library, BUET 2014-11-032022-01-0992454 621_000000000000000_011HOL1997 General Book 42014-11-03621.011/HOL/19972022-06-08
2 Circulation section Central Library, BUETCentral Library, BUET 2014-11-032024-10-0292455 621_000000000000000_011HOL1997 General Book 52014-11-03621.011/HOL/19972024-10-28
3 Circulation section Central Library, BUETCentral Library, BUET 2014-11-032023-12-1092457 621_000000000000000_011HOL1997 General Book 62014-11-03621.011/HOL/19972024-08-31
  Circulation section Central Library, BUETCentral Library, BUET 2014-11-03 92459 621_000000000000000_011HOL1997 General Book 72014-11-03621.011/HOL/19972014-11-03
1 Circulation section Central Library, BUETCentral Library, BUET 2014-11-032024-03-1292460 621_011000000000000_HOL_1997 General Book 82014-11-03621.011/HOL/19972024-08-28
1 Circulation section Central Library, BUETCentral Library, BUET 2014-11-032024-04-0892461 621_000000000000000_011HOL1997 General Book 92014-11-03621.011/HOL/19972024-06-22
5 Circulation section Central Library, BUETCentral Library, BUET 2014-11-032024-12-1092462 621_000000000000000_011HOL1997 General Book 102014-11-03621.011/HOL/19972025-03-12
1 Circulation section Central Library, BUETCentral Library, BUET 2014-11-032015-03-0492464 621_000000000000000_011HOL1997 General Book 112014-11-03621.011/HOL/19972017-05-03
3 Circulation section Central Library, BUETCentral Library, BUET 2014-11-032019-06-1792465 621_000000000000000_011HOL1997 General Book 122014-11-03621.011/HOL/19972019-07-10
3 Circulation section Central Library, BUETCentral Library, BUET 2014-11-032022-05-2492466 621_000000000000000_011HOL1997 General Book 132014-11-03621.011/HOL/19972022-06-08
  Circulation section Central Library, BUETCentral Library, BUET 2015-04-12 92468 621_011000000000000_HOL_1997 General Book 142015-04-12621.011 HOL/19972015-04-12
  Reading section Central Library, BUETCentral Library, BUET 2015-07-02 92447 621_011000000000000_HOL_1997 Reading Item 152015-07-02621.011/HOL/19972015-07-02
  Reading section Central Library, BUETCentral Library, BUET 2015-07-09 92446 621_011000000000000_HOL_1997 Reading Item 162015-07-09621.011/HOL/19972015-07-09